La bicicletta abbandonata e altri racconti /

Salvato in:
Dettagli Bibliografici
Autore principale: Orlando, Enzo, (1973- )
Natura: Libro
Lingua:italiano
Pubblicazione: Tolentino : Montag, 2018
Serie:Le fenici
Tags: Aggiungi Tag
Nessun Tag, puoi essere il primo ad aggiungerne!!

MARC

LEADER 00000nam a22000007i 4500
001 IT\ICCU\UBO\4351178
003 ItRI
005 20260115232246.0
008 190107s2018 it |||||| ||||| |||||c
040 |b ita  |c importazione bologna sebina 
041 7 |a ita  |2 ISO-639-2 
100 1 |a Orlando, Enzo,  |d  (1973- )  |0 IT\ICCU\BVEV\052211 
245 1 3 |a La bicicletta abbandonata e altri racconti /  |c Enzo Orlando. 
260 |a Tolentino :  |b Montag,  |c 2018 
300 |a 124 p. ;  |c 21 cm 
830 3 |a Le fenici  |0 IT\ICCU\UMC\0719794 
942 |2 ddc  |c BK  |n 0 
952 |0 0  |1 0  |4 0  |6 DOC_853_920000000000000_ORL  |7 0  |9 23152  |a BO  |b BO  |d 2026-01-15  |i 18898  |l 0  |o DOC 853.920 ORL  |p BO18898  |r 2026-01-15 23:22:46  |w 2026-01-15  |x [Sebina 7] [1 v.]  |y BK  |z 1 v. 
999 |c 19743  |d 19743